Dates des mandats des présidents français - Statistiques

Statistiques générales
  • Ce quiz a été pris 139 fois
  • Le résultat moyen est 11 sur 25
Statistiques - réponses
République Président Réponse % Correct
Cinquième Nicolas Sarkozy 2007-2012
91%
Cinquième François Hollande 2012-2017
90%
Cinquième Emmanuel Macron 2017-2027
82%
Cinquième Jacques Chirac 1995-2007
80%
Cinquième François Mitterrand 1981-1995
78%
Cinquième Valéry Giscard d'Estaing 1974-1981
76%
Cinquième Georges Pompidou 1969-1974
72%
Cinquième Charles de Gaulle 1959-1969
63%
Troisième Paul Deschanel 1920
51%
Quatrième René Coty 1954-1959
42%
Quatrième Vincent Auriol 1947-1954
34%
Troisième Albert Lebrun 1932-1940
33%
Troisième Raymond Poincaré 1913-1920
30%
Troisième Alexandre Millerand 1920-1924
30%
Troisième Paul Doumer 1931-1932
28%
Deuxième Louis-Napoléon Bonaparte 1848-1852
27%
Troisième Adolphe Thiers 1871-1873
27%
Troisième Jean Casimir-Perier 1894-1895
27%
Troisième Félix Faure 1895-1899
27%
Troisième Gaston Doumergue 1924-1931
27%
Troisième Patrice de Mac-Mahon 1873-1879
25%
Troisième Émile Loubet 1899-1906
25%
Troisième Armand Fallières 1906-1913
25%
Troisième Marie François Sadi Carnot 1887-1894
24%
Troisième Jules Grévy 1879-1887
23%
Aucun quiz correspondant
Distribution des résultats
% des personnes avec chaque résultat
Percentile par nombre de réponses
Votre historique - résultats
Vous n’avez pas pris ce quiz